书目信息 |
| 题名: |
跨国公司剖析
|
|
| 作者: | 南开大学经济学研究所经济研究室 编 | |
| 分册: | ||
| 出版信息: | 北京 人民出版社 1978.5 |
|
| 页数: | 382页 | |
| 开本: | 20cm | |
| 丛书名: | ||
| 单 册: | ||
| 中图分类: | F038.3 | |
| 科图分类: | ||
| 主题词: | 资本主义社会--生产方式 | |
| 电子资源: | ||
| ISBN: | ||
| 000 | 00637nam0 2200205 45 | |
| 001 | 0304110977 | |
| 005 | 20060911172528.12 | |
| 010 | @dCNY1.15 | |
| 091 | @a4001.330 | |
| 100 | @a20030411d1978 km y0chiy0120 ea | |
| 101 | 0 | @achi |
| 200 | 1 | @a跨国公司剖析@AKua Guo Gong Si Pou Xi@f南开大学经济学研究所经济研究室编@FNan Kai Da Xue Jing Ji Xue Yan Jiu Suo Jing Ji Yan Jiu Shi Bian |
| 210 | @a北京@c人民出版社@d1978.5 | |
| 215 | @a382页@d20cm | |
| 300 | @a只限国内发行 | |
| 606 | 0 | @a资本主义社会@x生产方式 |
| 690 | @aF038.3@v3 | |
| 701 | 0 | @a南开大学经济学研究所经济研究室@4编 |
| 801 | @aCN@bTSTC@c20060911 | |
| 905 | @f1@b5007@dF038.3@e3 | |
| 跨国公司剖析/南开大学经济学研究所经济研究室编.-北京:人民出版社,1978.5 |
| 382页;20cm |
| 只限国内发行 |
| ISBN :CNY1.15 |
| ● |
| 相关链接 |
|
|
|
|
正题名:跨国公司剖析
索取号:F038.3/3
 
预约/预借
| 序号 | 登录号 | 条形码 | 馆藏地/架位号 | 状态 | 备注 |
| 1 | 0005006 | 001270662 | 第一样本阅览室/ [索取号:F038.3/3] | 在馆 | |
| 2 | 0005007 | 001792661 | 密集书库/ [索取号:F038.3/3] | 在馆 | |
| 3 | 0472084 | 204720846 | 密集书库/ [索取号:F038.3/3] | 在馆 |